[Event "SVK-chT3B2 1920"]
[Site "Slovakia"]
[Date "2020.06.21"]
[Round "10.1"]
[White "Sosovickova, Jana"]
[Black "Halak, Matej"]
[Result "1/2-1/2"]
[WhiteElo "1716"]
[BlackElo "2009"]
[PlyCount "34"]
[EventDate "2019.10.06"]
[EventType "team-tourn"]
[EventRounds "11"]
[EventCountry "SVK"]
[SourceTitle "EXT 2022"]
[Source "ChessBase"]
[SourceDate "2021.10.06"]
[SourceVersion "1"]
[SourceVersionDate "2021.10.06"]
[SourceQuality "1"]
[WhiteTeam "Dubnica nad Vahom IV"]
[BlackTeam "Trencin II"]
[WhiteTeamCountry "SVK"]
[BlackTeamCountry "SVK"]

1. e4 e5 2. Nf3 Nf6 3. Nxe5 d6 4. Nf3 Nxe4 5. d4 Be7 6. Bd3 Ng5 7. Nxg5 Bxg5 8. Bxg5 Qxg5 9. Qe2+ Be6 10. 0-0 0-0 11. Nd2 Nc6 12. c3 Rae8 13. f4 Qg4 14. Qf2 f5 15. Be2 Qg6 16. Bf3 d5 17. Rae1 Nd8 1/2-1/2

[Event "SVK-chT3B2 1920"]
[Site "Slovakia"]
[Date "2019.12.08"]
[Round "5.2"]
[White "Huserka, Jan"]
[Black "Halak, Matej"]
[Result "0-1"]
[WhiteElo "1552"]
[BlackElo "2009"]
[PlyCount "84"]
[EventDate "2019.10.06"]
[EventType "team-tourn"]
[EventRounds "11"]
[EventCountry "SVK"]
[SourceTitle "CBM 194 Extra"]
[Source "ChessBase"]
[SourceDate "2020.03.31"]
[SourceVersion "1"]
[SourceVersionDate "2020.03.31"]
[SourceQuality "1"]
[WhiteTeam "Nemsova Horne Srnie II"]
[BlackTeam "Trencin II"]
[WhiteTeamCountry "SVK"]
[BlackTeamCountry "SVK"]

1. c4 Nf6 2. a3 e5 3. e3 Nc6 4. Nc3 Be7 5. b4 0-0 6. g3 d5 7. cxd5 Nxd5 8. Bb2 Be6 9. Bg2 f5 10. Bxd5 Bxd5 11. Nxd5 Qxd5 12. Qf3 e4 13. Qd1 Bf6 14. Bxf6 Rxf6 15. Ne2 Ne5 16. Nd4 Nd3+ 17. Kf1 a5 18. b5 a4 19. Qc2 c5 20. bxc6 bxc6 21. Qa2 Rb8 22. Qxd5+ cxd5 23. Ke2 g6 24. Rab1 Rfb6 25. Rxb6 Rxb6 26. Ra1 Kg7 27. f4 Rb2 28. h4 Kh6 29. Ne6 Rb6 30. Nd4 Kh5 31. Kf1 Rb2 32. Rd1 Kg4 33. Kg2 Nc5 34. Kf2 Ra2 35. h5 g5 36. Nb5 Nb3 37. Ke2 Kxh5 38. Nc3 Rxa3 39. Nxd5 Ra1 40. Rxa1 Nxa1 41. Nc3 a3 42. Nb5 Nc2 0-1

[Event "SVK-chT3B2 1819"]
[Site "Slovakia"]
[Date "2019.02.24"]
[Round "8.2"]
[White "Halak, Matej"]
[Black "Rucek, Peter"]
[Result "1-0"]
[WhiteElo "1999"]
[BlackElo "1801"]
[PlyCount "107"]
[EventDate "2018.10.21"]
[EventType "team-tourn"]
[EventRounds "11"]
[EventCountry "SVK"]
[SourceTitle "CBM 189 Extra"]
[Source "ChessBase"]
[SourceDate "2019.06.03"]
[SourceVersion "1"]
[SourceVersionDate "2019.06.03"]
[SourceQuality "1"]
[WhiteTeam "Trencin "]
[BlackTeam "Belusa"]
[WhiteTeamCountry "SVK"]
[BlackTeamCountry "SVK"]

1. d4 d5 2. Bg5 c5 3. dxc5 h6 4. Bh4 Nf6 5. Nc3 d4 6. Bxf6 exf6 7. Ne4 f5 8. Nd2 Bxc5 9. Ngf3 Nc6 10. a3 a5 11. Nb3 Bb6 12. c3 dxc3 13. Qxd8+ Bxd8 14. bxc3 0-0 15. e3 Bf6 16. Nbd4 Nxd4 17. exd4 Re8+ 18. Kd2 Be6 19. Bd3 Rac8 20. Rab1 Rc7 21. Rb5 Rec8 22. Rc1 g5 23. Ne5 g4 24. f4 Bd8 25. d5 f6 26. Nxg4 Bd7 27. Nxh6+ Kh7 28. Nf7 Bxb5 29. Bxf5+ Kg7 30. Bxc8 Kxf7 31. Be6+ Kg6 32. Rb1 Ba6 33. d6 Rc6 34. f5+ Kg5 35. d7 b6 36. h4+ Kxh4 37. Rh1+ Kg5 38. Rh8 Rd6+ 39. Kc1 Be7 40. Re8 Bb5 41. Rxe7 Bxd7 42. Rxd7 Rc6 43. Kd2 Rc5 44. Rd5 Rc4 45. Rd6 Rg4 46. Rxb6 Rxg2+ 47. Kd3 Rg3+ 48. Kd4 Rg4+ 49. Kd5 Rg3 50. c4 Rxa3 51. c5 a4 52. c6 Rb3 53. Rxb3 axb3 54. Kd6 1-0

[Event "SVK-chT3B2 1718"]
[Site "Slovakia"]
[Date "2018.01.21"]
[Round "8.2"]
[White "Rucek, Kristian"]
[Black "Halak, Matej"]
[Result "1/2-1/2"]
[WhiteElo "1782"]
[BlackElo "1954"]
[PlyCount "63"]
[EventDate "2017.10.08"]
[EventType "team-tourn"]
[EventRounds "11"]
[EventCountry "SVK"]
[SourceTitle "EXT 2019"]
[Source "ChessBase"]
[SourceDate "2018.10.10"]
[SourceVersion "1"]
[SourceVersionDate "2018.10.10"]
[SourceQuality "1"]
[WhiteTeam "Belusa"]
[BlackTeam "Trencin II"]
[WhiteTeamCountry "SVK"]
[BlackTeamCountry "SVK"]

1. c4 e5 2. Nc3 Nc6 3. g3 f5 4. d3 Nf6 5. Bg2 Bc5 6. Qc2 0-0 7. a3 Nd4 8. Qd1 a5 9. e3 Ne6 10. Nge2 Qe8 11. Rb1 Qg6 12. 0-0 h5 13. b4 axb4 14. axb4 Be7 15. d4 d6 16. f4 e4 17. d5 Nd8 18. Nb5 c6 19. dxc6 bxc6 20. Nxd6 Be6 21. c5 Nd5 22. Nc4 Nf7 23. Nd4 Nc3 24. Nxc6 Bf6 25. Qc2 Bxc4 26. Qxc3 Bxf1 27. Bxf1 Rfc8 28. Nd4 h4 29. Qe1 Nh6 30. Bc4+ Kh7 31. Bd5 Rab8 32. Nc6 1/2-1/2

[Event "SVK-chT2B 1718"]
[Site "Slovakia"]
[Date "2018.01.13"]
[Round "5.3"]
[White "Marko, Anton"]
[Black "Halak, Matej"]
[Result "1-0"]
[WhiteElo "2070"]
[BlackElo "1936"]
[PlyCount "59"]
[EventDate "2017.10.28"]
[EventType "team-tourn"]
[EventRounds "11"]
[EventCountry "SVK"]
[SourceTitle "EXT 2019"]
[Source "ChessBase"]
[SourceDate "2018.10.10"]
[SourceVersion "1"]
[SourceVersionDate "2018.10.10"]
[SourceQuality "1"]
[WhiteTeam "Topolcany"]
[BlackTeam "Trencin"]
[WhiteTeamCountry "SVK"]
[BlackTeamCountry "SVK"]

1. c4 e5 2. Nc3 Nc6 3. g3 Nf6 4. Bg2 Bc5 5. e3 0-0 6. Nge2 Re8 7. 0-0 e4 8. a3 a5 9. Qc2 Qe7 10. Nf4 Nd8 11. Nfd5 Nxd5 12. Nxd5 Qe5 13. b4 axb4 14. Bb2 Qd6 15. axb4 Rxa1 16. Bxa1 Ba7 17. Bxe4 c6 18. Bxh7+ Kf8 19. Qc3 cxd5 20. Qxg7+ Ke7 21. Qg5+ f6 22. Qg7+ Nf7 23. Bg6 Rf8 24. c5 Qe6 25. Bd4 b6 26. Ra1 bxc5 27. bxc5 Bb8 28. f4 Bb7 29. Rb1 Bc6 30. f5 1-0

[Event "SVK-chT3B2 1718"]
[Site "Slovakia"]
[Date "2018.01.07"]
[Round "7.1"]
[White "Kaniansky, Miroslav"]
[Black "Halak, Matej"]
[Result "1-0"]
[WhiteElo "2123"]
[BlackElo "1954"]
[PlyCount "65"]
[EventDate "2017.10.08"]
[EventType "team-tourn"]
[EventRounds "11"]
[EventCountry "SVK"]
[SourceTitle "EXT 2019"]
[Source "ChessBase"]
[SourceDate "2018.10.10"]
[SourceVersion "1"]
[SourceVersionDate "2018.10.10"]
[SourceQuality "1"]
[WhiteTeam "Handlova"]
[BlackTeam "Trencin II"]
[WhiteTeamCountry "SVK"]
[BlackTeamCountry "SVK"]

1. d4 f5 2. g3 Nf6 3. Bg2 e6 4. c4 d6 5. Nf3 Be7 6. b3 0-0 7. 0-0 Nbd7 8. Bb2 c5 9. Ng5 Nb6 10. dxc5 dxc5 11. Qc2 Qc7 12. Nf3 Nbd7 13. Nc3 Ng4 14. e4 f4 15. Ne2 fxg3 16. hxg3 Bf6 17. Nf4 Nde5 18. Rad1 h5 19. Nxe5 Nxe5 20. Nxh5 Nf3+ 21. Bxf3 Bxb2 22. Qxb2 Rxf3 23. Rd8+ Rf8 24. Rxf8+ Kxf8 25. Nf4 Kf7 26. Nd3 b6 27. Ne5+ Kg8 28. Rd1 a6 29. f4 Qe7 30. Nc6 Qc7 31. Rd8+ Kf7 32. Ne5+ Kf6 33. Qh2 1-0

[Event "SVK-chT3B2 1718"]
[Site "Slovakia"]
[Date "2017.12.03"]
[Round "5.1"]
[White "Orgon, Dusan"]
[Black "Halak, Matej"]
[Result "1/2-1/2"]
[WhiteElo "2027"]
[BlackElo "1954"]
[PlyCount "126"]
[EventDate "2017.10.08"]
[EventType "team-tourn"]
[EventRounds "11"]
[EventCountry "SVK"]
[SourceTitle "EXT 2019"]
[Source "ChessBase"]
[SourceDate "2018.10.10"]
[SourceVersion "1"]
[SourceVersionDate "2018.10.10"]
[SourceQuality "1"]
[WhiteTeam "Dubnica nad Vahom IV"]
[BlackTeam "Trencin II"]
[WhiteTeamCountry "SVK"]
[BlackTeamCountry "SVK"]

1. e4 e5 2. f4 d6 3. Nf3 Bg4 4. Bc4 Nf6 5. Nc3 Nc6 6. 0-0 Nd4 7. fxe5 Bxf3 8. gxf3 dxe5 9. d3 Bd6 10. Bg5 h6 11. Bh4 g5 12. Bf2 Qd7 13. Nd5 Nxd5 14. Bxd5 c6 15. c3 cxd5 16. cxd4 0-0 17. Bg3 exd4 18. e5 Be7 19. f4 Qf5 20. fxg5 Qxg5 21. Kh1 Rac8 22. Bf4 Qh4 23. Rg1+ Kh7 24. Rg4 Qf2 25. Bg3 Qe3 26. Bf4 Qf2 27. Bg3 Qe3 28. Qf1 f5 29. Rf4 Qxe5 30. Re1 Qg7 31. Rxf5 Rc2 32. Be5 Qg6 33. Rxf8 Bxf8 34. Bxd4 Bd6 35. Be5 Bb4 36. Bc3 Bd6 37. Re2 Rxe2 38. Qxe2 Qf5 39. Qg2 Qg5 40. Bd2 Qxg2+ 41. Kxg2 Kg6 42. h3 h5 43. Kf3 Be5 44. b3 Kf5 45. Be3 a6 46. Bb6 Bd6 47. a4 Bb4 48. Ke3 Bc3 49. Bd4 Bb4 50. Bb6 Bc3 51. Bd8 Be5 52. Be7 Bc3 53. Bd8 Be5 54. b4 b5 55. axb5 axb5 56. Bb6 Bc3 57. Bc5 Be1 58. Be7 Bc3 59. Bf8 Bf6 60. Bd6 Bc3 61. Bc5 Ke5 62. Kf3 Bd2 63. Kg3 Be1+ 1/2-1/2

[Event "SVK-chT2B 1516"]
[Site "Slovakia"]
[Date "2016.02.13"]
[Round "8.3"]
[White "Halak, Matej"]
[Black "Viczencz, Peter"]
[Result "0-1"]
[WhiteElo "1930"]
[BlackElo "1835"]
[PlyCount "40"]
[EventDate "2015.10.17"]
[EventType "team-tourn"]
[EventRounds "11"]
[EventCountry "SVK"]
[SourceTitle "EXT 2019"]
[Source "ChessBase"]
[SourceDate "2018.10.10"]
[SourceVersion "1"]
[SourceVersionDate "2018.10.10"]
[SourceQuality "1"]
[WhiteTeam "Trencin PK"]
[BlackTeam "Komarno KSC"]
[WhiteTeamCountry "SVK"]
[BlackTeamCountry "SVK"]

1. d4 c5 2. Nf3 cxd4 3. Nxd4 Nf6 4. Nc3 d6 5. e4 g6 6. Bg5 Bg7 7. Qd2 Nc6 8. Nxc6 bxc6 9. 0-0-0 Qb6 10. f3 Rb8 11. Na4 Nxe4 12. Nxb6 Nxd2 13. Nxc8 Nxf1 14. Nxd6+ exd6 15. Re1+ Kf8 16. Be7+ Kg8 17. c3 Bh6+ 18. Kc2 Ne3+ 19. Rxe3 Bxe3 20. Bxd6 Re8 0-1

[Event "SVK-chT2B 1516"]
[Site "Slovakia"]
[Date "2015.12.06"]
[Round "6.4"]
[White "Halak, Matej"]
[Black "Chlpik, Martin"]
[Result "0-1"]
[WhiteElo "1946"]
[BlackElo "2172"]
[PlyCount "76"]
[EventDate "2015.10.17"]
[EventType "team-tourn"]
[EventRounds "11"]
[EventCountry "SVK"]
[SourceTitle "EXT 2019"]
[Source "ChessBase"]
[SourceDate "2018.10.10"]
[SourceVersion "1"]
[SourceVersionDate "2018.10.10"]
[SourceQuality "1"]
[WhiteTeam "Trencin PK"]
[BlackTeam "Topolciansky CVC"]
[WhiteTeamCountry "SVK"]
[BlackTeamCountry "SVK"]

1. d4 Nf6 2. Bg5 Ne4 3. Bf4 c5 4. f3 Nf6 5. d5 d6 6. e4 g6 7. Qd2 Qb6 8. c3 Bg7 9. Na3 0-0 10. h4 h5 11. Nc4 Qd8 12. Nh3 b5 13. Ne3 Qa5 14. Be2 b4 15. cxb4 cxb4 16. Nc4 Qa4 17. Kf2 Na6 18. b3 Qd7 19. Rac1 Rb8 20. Na5 e6 21. Nc6 Rb6 22. Be3 exd5 23. exd5 Re8 24. Bxb6 axb6 25. Rhe1 Nc5 26. Kg1 Nxd5 27. Bb5 Bc3 28. Rxe8+ Qxe8 29. Qh6 Bd7 30. Ng5 Qe3+ 31. Kh2 Qf4+ 32. Kh1 Qxc1+ 33. Kh2 Qf4+ 34. Kh1 Qxh4+ 35. Kg1 Bg7 36. Qh7+ Kf8 37. Nxf7 Bxc6 38. Nh6 Bd4+ 0-1

[Event "SVK-chT2B 1516"]
[Site "Slovakia"]
[Date "2015.11.08"]
[Round "4.5"]
[White "Halak, Matej"]
[Black "Svonavec, Stefan"]
[Result "0-1"]
[WhiteElo "1950"]
[BlackElo "2049"]
[PlyCount "125"]
[EventDate "2015.10.17"]
[EventType "team-tourn"]
[EventRounds "11"]
[EventCountry "SVK"]
[SourceTitle "EXT 2019"]
[Source "ChessBase"]
[SourceDate "2018.10.10"]
[SourceVersion "1"]
[SourceVersionDate "2018.10.10"]
[SourceQuality "1"]
[WhiteTeam "Trencin PK"]
[BlackTeam "Levice"]
[WhiteTeamCountry "SVK"]
[BlackTeamCountry "SVK"]

1. d4 Nf6 2. Bg5 Ne4 3. Bf4 d5 4. Nd2 Nd6 5. e3 e6 6. Ngf3 Be7 7. Bd3 0-0 8. Ne5 f6 9. Qh5 f5 10. g4 Qe8 11. Qh3 Nd7 12. Rg1 Nxe5 13. Bxe5 Rf7 14. gxf5 exf5 15. Qh6 Bf8 16. 0-0-0 Qe6 17. Qf4 Be7 18. h4 b6 19. Rg2 c5 20. Rdg1 Ne8 21. Nf3 a5 22. Bb5 Bd7 23. Bxd7 Qxd7 24. Ng5 Bxg5 25. Rxg5 Ra7 26. Rh5 Qe6 27. Rh6 Qd7 28. Rxb6 c4 29. Rb8 Rb7 30. Ra8 Ra7 31. Rxa7 Qxa7 32. Qh6 Qd7 33. Qb6 a4 34. Qb8 Re7 35. Rg5 Kf7 36. h5 Kg8 37. c3 Kf7 38. Qb6 Kg8 39. Kc2 Kf7 40. Rg1 Re6 41. Qb8 Ra6 42. Bxg7 Nxg7 43. Qh8 Rg6 44. hxg6+ hxg6 45. Rh1 Qe7 46. Rh7 Kf6 47. f3 g5 48. Qg8 Kg6 49. Rxg7+ Qxg7 50. Qxd5 Qc7 51. Qe5 Qxe5 52. dxe5 g4 53. fxg4 fxg4 54. Kd2 Kf5 55. e4+ Kxe5 56. Ke3 g3 57. Kf3 g2 58. Kxg2 Kxe4 59. Kf2 Kd3 60. Ke1 Kc2 61. a3 Kxb2 62. Kd2 Kxa3 63. Kc2 0-1

[Event "SVK-chT2B 1516"]
[Site "Slovakia"]
[Date "2015.10.17"]
[Round "1.2"]
[White "Lukacovic, Miroslav"]
[Black "Halak, Matej"]
[Result "1-0"]
[WhiteElo "2012"]
[BlackElo "1949"]
[PlyCount "85"]
[EventDate "2015.10.17"]
[EventType "team-tourn"]
[EventRounds "11"]
[EventCountry "SVK"]
[SourceTitle "EXT 2019"]
[Source "ChessBase"]
[SourceDate "2018.10.10"]
[SourceVersion "1"]
[SourceVersionDate "2018.10.10"]
[SourceQuality "1"]
[WhiteTeam "Sala Slovan Duslo"]
[BlackTeam "Trencin PK"]
[WhiteTeamCountry "SVK"]
[BlackTeamCountry "SVK"]

1. d4 Nf6 2. c4 d5 3. g3 c6 4. Bg2 g6 5. Nf3 Bg7 6. Nc3 0-0 7. 0-0 Nbd7 8. Re1 Re8 9. b3 dxc4 10. bxc4 Qa5 11. Bd2 Qh5 12. e4 e5 13. d5 Nc5 14. Nh4 Bg4 15. f3 Bd7 16. Be3 g5 17. Nf5 Bxf5 18. Bxc5 Bh3 19. g4 Qh6 20. Rb1 b6 21. Be3 Bxg2 22. Kxg2 Qg6 23. Qa4 cxd5 24. cxd5 h5 25. h3 Bf8 26. Nb5 Red8 27. Rbc1 hxg4 28. hxg4 a6 29. Nc7 b5 30. Qc2 Rac8 31. Qb1 Nd7 32. Rc6 Bd6 33. Rec1 Rxc7 34. Rxc7 Bxc7 35. Rxc7 Kg7 36. Qc1 Nf6 37. Rc6 Qh7 38. Rxf6 Rh8 39. Rf5 Qh2+ 40. Kf1 Qh1+ 41. Ke2 Qg2+ 42. Bf2 f6 43. Qc7+ 1-0

[Event "SVK-chT1W 1415"]
[Site "Slovakia"]
[Date "2015.01.31"]
[Round "7.2"]
[White "Halak, Matej"]
[Black "Bombek, Peter"]
[Result "0-1"]
[WhiteElo "1929"]
[BlackElo "2156"]
[PlyCount "42"]
[EventDate "2014.10.18"]
[EventType "team-tourn"]
[EventRounds "11"]
[EventCountry "SVK"]
[SourceTitle "EXT 2016"]
[Source "ChessBase"]
[SourceDate "2015.10.08"]
[SourceVersion "1"]
[SourceVersionDate "2015.10.08"]
[SourceQuality "1"]
[WhiteTeam "Trencin SK"]
[BlackTeam "Dubnica nad Vahom II"]
[WhiteTeamCountry "SVK"]
[BlackTeamCountry "SVK"]

1. d4 e6 2. c4 d5 3. Nc3 Be7 4. Nf3 Nf6 5. Bf4 0-0 6. e3 c5 7. cxd5 Nxd5 8. Nxd5 exd5 9. dxc5 Bxc5 10. Be2 Qa5+ 11. Nd2 d4 12. e4 Rd8 13. 0-0 d3 14. Bf3 Be6 15. a3 Qb6 16. b4 Bd4 17. Rc1 Nc6 18. Qa4 a6 19. Nc4 Bxc4 20. Rxc4 Qb5 21. Qb3 Na5 0-1

[Event "Krakow op-A 25th"]
[Site "Krakow"]
[Date "2015.01.04"]
[Round "9"]
[White "Boricsev, Oleg"]
[Black "Halak, Matej"]
[Result "1/2-1/2"]
[WhiteElo "2365"]
[BlackElo "2234"]
[PlyCount "73"]
[EventDate "2014.12.27"]
[EventType "swiss"]
[EventRounds "9"]
[EventCountry "POL"]
[SourceTitle "CBM 164 Extra"]
[Source "ChessBase"]
[SourceDate "2015.03.02"]
[SourceVersion "1"]
[SourceVersionDate "2015.03.02"]
[SourceQuality "1"]

1. e4 e5 2. Nf3 Nc6 3. Bc4 Bc5 4. c3 Qe7 5. d3 d6 6. Nbd2 Nf6 7. h3 h6 8. Nf1 0-0 9. g4 d5 10. exd5 e4 11. dxc6 exf3+ 12. Be3 bxc6 13. Qxf3 Rb8 14. 0-0-0 Nd5 15. Bxc5 Qxc5 16. Ne3 Be6 17. Bxd5 cxd5 18. d4 Qa5 19. a3 Rb3 20. Rd2 Rfb8 21. Nd1 Qb6 22. Qd3 Qd6 23. Re1 Bd7 24. Qg3 Qb6 25. Rde2 Rxa3 26. bxa3 Qb1+ 27. Kd2 Rb2+ 28. Nxb2 Qxb2+ 29. Kd3 Bb5+ 30. Ke3 Qxc3+ 31. Kf4 g5+ 32. Kf5 Bd7+ 33. Kf6 Qc6+ 34. Ke7 Bc8 35. Qe5 Qd7+ 36. Kf6 Qc6+ 37. Ke7 1/2-1/2

[Event "Krakow op-A 25th"]
[Site "Krakow"]
[Date "2014.12.28"]
[Round "2"]
[White "Halak, Matej"]
[Black "Marzano, Carlo"]
[Result "0-1"]
[WhiteElo "2234"]
[BlackElo "2166"]
[PlyCount "116"]
[EventDate "2014.12.27"]
[EventType "swiss"]
[EventRounds "9"]
[EventCountry "POL"]
[SourceTitle "CBM 164 Extra"]
[Source "ChessBase"]
[SourceDate "2015.03.02"]
[SourceVersion "1"]
[SourceVersionDate "2015.03.02"]
[SourceQuality "1"]

1. d4 d5 2. Bf4 Nf6 3. e3 c5 4. c3 Nc6 5. Nd2 Qb6 6. Qc2 Bg4 7. h3 Bh5 8. Ngf3 e6 9. Be2 Be7 10. 0-0 0-0 11. dxc5 Bxc5 12. Bd3 Bg6 13. Bxg6 hxg6 14. Rad1 Rfd8 15. Bg5 Rac8 16. Qb1 Be7 17. c4 dxc4 18. Nxc4 Qc5 19. Ncd2 Ne5 20. Nxe5 Qxe5 21. Nf3 Qa5 22. a3 Kf8 23. Bh4 a6 24. Nd4 Qb6 25. Ne2 Rxd1 26. Rxd1 Qc6 27. Nd4 Qb6 28. Nf3 Qc7 29. b4 Nd5 30. Bg3 Qc2 31. Qxc2 Rxc2 32. Be5 Nb6 33. Nd4 Rc8 34. Rd3 Nc4 35. Nf3 Rd8 36. Rxd8+ Bxd8 37. a4 Nb6 38. b5 Nxa4 39. bxa6 bxa6 40. Kf1 Nb6 41. Ke2 Nd7 42. Kd3 Bf6 43. Bd6+ Ke8 44. Kc4 Kd8 45. Kb4 Kc8 46. Nd2 Kb7 47. Ne4 Bd8 48. Ka4 Kc6 49. Bb4 f5 50. Nc3 Nc5+ 51. Bxc5 Kxc5 52. Kb3 Bh4 53. g3 Bf6 54. Nb1 Bd8 55. g4 Bh4 56. f3 Bf2 57. e4 Bd4 58. exf5 gxf5 0-1

[Event "SVK-chT1W 1415"]
[Site "Slovakia"]
[Date "2014.11.30"]
[Round "4.4"]
[White "Halak, Matej"]
[Black "Dugovic, Branislav"]
[Result "0-1"]
[WhiteElo "1929"]
[BlackElo "2207"]
[PlyCount "108"]
[EventDate "2014.10.18"]
[EventType "team-tourn"]
[EventRounds "11"]
[EventCountry "SVK"]
[SourceTitle "EXT 2016"]
[Source "ChessBase"]
[SourceDate "2015.10.08"]
[SourceVersion "1"]
[SourceVersionDate "2015.10.08"]
[SourceQuality "1"]
[WhiteTeam "Trencin SK"]
[BlackTeam "Modra"]
[WhiteTeamCountry "SVK"]
[BlackTeamCountry "SVK"]

1. d4 Nf6 2. c4 e5 3. dxe5 Ng4 4. e4 Nxe5 5. Nc3 Bc5 6. Bf4 Nbc6 7. Nf3 d6 8. Nxe5 Nxe5 9. Bxe5 dxe5 10. Qxd8+ Kxd8 11. 0-0-0+ Bd7 12. Be2 Bxf2 13. Rhf1 Be3+ 14. Kc2 f6 15. Nb5 Kc8 16. Rf3 Bc5 17. Rd5 Be7 18. Nc3 c6 19. Rd2 Kc7 20. h4 Rhd8 21. h5 Be6 22. Rxd8 Rxd8 23. Rg3 Rg8 24. a3 g6 25. b4 gxh5 26. Rxg8 Bxg8 27. Kd3 h4 28. Bg4 a5 29. c5 axb4 30. axb4 b6 31. Na4 bxc5 32. Nxc5 Bxc5 33. bxc5 Kd8 34. Bf5 Ke7 35. Ke3 h6 36. Bc8 Be6 37. Bb7 Kd7 38. Ba6 f5 39. exf5 Bxf5 40. Kf3 Be6 41. Bf1 Ke7 42. Ba6 Bd5+ 43. Kf2 Kf6 44. Bc8 e4 45. Ke3 Kg5 46. Bh3 Kg6 47. Kf4 Kf6 48. Bd7 e3 49. Kxe3 Bxg2 50. Kf4 h3 51. Kg3 Ke5 52. Bxc6 Bxc6 53. Kxh3 Kd5 54. Kg4 Be8 0-1

[Event "SVK-chT1W 1415"]
[Site "Slovakia"]
[Date "2014.10.18"]
[Round "1.4"]
[White "Molnar, Erno"]
[Black "Halak, Matej"]
[Result "1/2-1/2"]
[WhiteElo "2027"]
[BlackElo "1929"]
[PlyCount "74"]
[EventDate "2014.10.18"]
[EventType "team-tourn"]
[EventRounds "11"]
[EventCountry "SVK"]
[SourceTitle "EXT 2016"]
[Source "ChessBase"]
[SourceDate "2015.10.08"]
[SourceVersion "1"]
[SourceVersionDate "2015.10.08"]
[SourceQuality "1"]
[WhiteTeam "Komarno KSC"]
[BlackTeam "Trencin SK"]
[WhiteTeamCountry "SVK"]
[BlackTeamCountry "SVK"]

1. e4 e5 2. Nf3 Nf6 3. Nxe5 d6 4. Nf3 Nxe4 5. d4 d5 6. Bd3 Bd6 7. 0-0 0-0 8. c4 Nf6 9. b3 Bg4 10. Be3 Nbd7 11. c5 Be7 12. Nbd2 Re8 13. Qc2 c6 14. Ne5 Be6 15. f4 Nf8 16. Ndf3 h6 17. Rae1 Ng4 18. Bd2 Nxe5 19. dxe5 Bg4 20. Nd4 Ne6 21. Nxe6 fxe6 22. h3 Bh5 23. b4 Rf8 24. Bg6 Bxg6 25. Qxg6 Qd7 26. f5 Rxf5 27. Bxh6 Rxf1+ 28. Rxf1 Bf8 29. Rf4 Qe8 30. Qg3 Kh7 31. Bg5 Qg6 32. Rg4 a5 33. Kh2 axb4 34. Bf6 Qf7 35. Rh4+ Kg8 36. Qd3 gxf6 37. exf6 Ra3 1/2-1/2